MALKA Salomon (dir.), Dictionnaire Charles Péguy, Albin Michel, 429 p., 22 €. Avec de nombreuses contributions : d’Yves Avril à Michel Winock, en passant par Céline Barral, Pauline Bruley, Denis Charbit, Charles Coustille, Charles Coutel, Claire Daudin, Nicolas Faguer, Patrick Kéchichian, Denis Labouret, Michel Leymarie, Michaël Lonsdale, Denis Pernot, Freddy Raphaël, Camille Riquier, Jérôme Roger, Paul Thibaud, Eric Thiers, Romain Vaissermann, Marie Vélikanov, Jean-Pierre Sueur, Alexandre de Vitry. (notice n° 1606880)

détails MARC
000 -LEADER
fixed length control field 00983cam a2200145 4500500
005 - DATE AND TIME OF LATEST TRANSACTION
control field 20251228124242.0
041 ## - LANGUAGE CODE
Language code of text/sound track or separate title fre
042 ## - AUTHENTICATION CODE
Authentication code dc
100 10 - MAIN ENTRY--PERSONAL NAME
Personal name Rioux, Jean-Pierre
Relator term author
245 00 - TITLE STATEMENT
Title MALKA Salomon (dir.), Dictionnaire Charles Péguy, Albin Michel, 429 p., 22 €. Avec de nombreuses contributions : d’Yves Avril à Michel Winock, en passant par Céline Barral, Pauline Bruley, Denis Charbit, Charles Coustille, Charles Coutel, Claire Daudin, Nicolas Faguer, Patrick Kéchichian, Denis Labouret, Michel Leymarie, Michaël Lonsdale, Denis Pernot, Freddy Raphaël, Camille Riquier, Jérôme Roger, Paul Thibaud, Eric Thiers, Romain Vaissermann, Marie Vélikanov, Jean-Pierre Sueur, Alexandre de Vitry.
260 ## - PUBLICATION, DISTRIBUTION, ETC.
Date of publication, distribution, etc. 2018.<br/>
500 ## - GENERAL NOTE
General note 71
786 0# - DATA SOURCE ENTRY
Note Bulletin de l’Amitié Charles Péguy | 164 | 4 | 2018-04-23 | p. 384-386 | 0180-8567
856 41 - ELECTRONIC LOCATION AND ACCESS
Uniform Resource Identifier <a href="https://shs.cairn.info/revue-bulletin-de-lamitie-charles-peguy-2018-4-page-384?lang=fr&redirect-ssocas=7080">https://shs.cairn.info/revue-bulletin-de-lamitie-charles-peguy-2018-4-page-384?lang=fr&redirect-ssocas=7080</a>

Pas d'exemplaire disponible.

PLUDOC

PLUDOC est la plateforme unique et centralisée de gestion des bibliothèques physiques et numériques de Guinée administré par le CEDUST. Elle est la plus grande base de données de ressources documentaires pour les Étudiants, Enseignants chercheurs et Chercheurs de Guinée.

Adresse

627 919 101/664 919 101

25 boulevard du commerce
Kaloum, Conakry, Guinée

Réseaux sociaux

Powered by Netsen Group @ 2025